000 00296nam a22001337a 4500
008 171020b xxu||||| |||| 00| 0 eng d
020 _a9780262032865
041 _aeng
080 _a338
100 _a53
101 _aMEN
245 _aINDUSTRIAL ORGANIZATION
_cCABRAL.L.M.B
942 _2udc
_cBK
999 _c35021
_d35021